Libreta blanca / (Record no. 122411)

MARC details
000 -LEADER
campo de control de longitud fija 00444nam a2200157 4500
001 - NÚMERO DE CONTROL
campo de control 122411
003 - IDENTIFICADOR DE NÚMERO DE CONTROL
campo de control ES-MaACL
007 - CAMPO FIJO DE DESCRIPCIÓN FÍSICA--INFORMACIÓN GENERAL
campo de control de longitud fija t|
008 - DATOS DE LONGITUD FIJA--INFORMACIÓN GENERAL
campo de control de longitud fija 070214q19801989sp r ||||1| spa d
100 1# - ENTRADA PRINCIPAL--NOMBRE DE PERSONA
Nombre de persona Poyatos Suárez, Francisco.
9 (RLIN) 93517
245 10 - MENCIÓN DEL TÍTULO
Título Libreta blanca /
Mención de responsabilidad, etc. por Francisco Poyatos Suárez.
260 ## - PUBLICACIÓN, DISTRIBUCIÓN, ETC.
Lugar de publicación, distribución, etc. Madrid :
Nombre del editor, distribuidor, etc. [s.n.],
Fecha de publicación, distribución, etc. [198_?]
300 ## - DESCRIPCIÓN FÍSICA
Extensión 180 p. ;
Dimensiones 29 cm.
500 ## - NOTA GENERAL
Nota general Ejemplar multicopiado.
852 ## - LOCALIZACIÓN
Ubicación ES-MaACL
Número de control de estantería L-6329
Sublocalización o colección R.106889
Holdings
Estatus retirado Estado de pérdida Estado de daño No para préstamo Biblioteca de origen Biblioteca actual Ubicación en estantería Fecha de adquisición Fuente de adquisición Total de préstamos Signatura topográfica completa Código de barras Visto por última vez Precio de reemplazo Tipo de ítem Koha
        Biblioteca del Ateneo de Madrid Biblioteca del Ateneo de Madrid Depósito 2 17/01/2008     L-6329 1127559 23/02/2023 23/02/2023 Libro impreso